|
|
|
|
| LEADER |
01526nam a2200397Ia 4500 |
| 001 |
EBC259233 |
| 003 |
MiAaPQ |
| 005 |
20200520144314.0 |
| 006 |
m o d | |
| 007 |
cr cn||||||||| |
| 008 |
060127s2005 enkab sb 001 0 eng d |
| 020 |
|
|
|z 1853396192 (pbk.)
|
| 020 |
|
|
|z 9970025171 (Africa : pbk.)
|
| 020 |
|
|
|a 1552501892 (electronic bk.)
|
| 035 |
|
|
|a (MiAaPQ)EBC259233
|
| 035 |
|
|
|a (Au-PeEL)EBL259233
|
| 035 |
|
|
|a (CaPaEBR)ebr10120555
|
| 035 |
|
|
|a (CaONFJC)MIL71792
|
| 035 |
|
|
|a (OCoLC)62708910
|
| 040 |
|
|
|a MiAaPQ
|c MiAaPQ
|d MiAaPQ
|
| 050 |
|
4 |
|a HE7645
|b .P37 2005
|
| 082 |
0 |
4 |
|a 384.096
|2 22
|
| 100 |
1 |
|
|a Parkinson, Sarah,
|d 1974-
|
| 245 |
1 |
0 |
|a Telecentres, access and development
|h [electronic resource] :
|b experience and lessons from Uganda and South Africa /
|c Sarah Parkinson.
|
| 260 |
|
|
|a Bourton-on-Dunsmore :
|b ITDG,
|c c2005.
|
| 300 |
|
|
|a xxiii, 148 p. :
|b ill., maps.
|
| 504 |
|
|
|a Includes bibliographical references (p.[141]-143) and index.
|
| 533 |
|
|
|a Electronic reproduction. Ann Arbor, MI : ProQuest, 2015. Available via World Wide Web. Access may be limited to ProQuest affiliated libraries.
|
| 650 |
|
0 |
|a Telecommunication policy
|z Africa.
|
| 650 |
|
0 |
|a Telecommunication
|z Uganda.
|
| 650 |
|
0 |
|a Telecommunication
|z South Africa.
|
| 650 |
|
0 |
|a Digital divide
|z Uganda.
|
| 650 |
|
0 |
|a Digital divide
|z South Africa.
|
| 655 |
|
4 |
|a Electronic books.
|
| 710 |
2 |
|
|a ProQuest (Firm)
|
| 856 |
4 |
0 |
|u https://ebookcentral.proquest.com/lib/matrademy/detail.action?docID=259233
|z Click to View
|